000 00411nam a2200157 a 4500
001 000031875
005 20200930063241.0
008 110707s2000 dr 000 0 spa d
040 _aDO-SdBNP
_bspa
_cBNPHU
082 _axxx
_bN127v
100 1 _aNadal, Pablo
_922625
245 1 0 _aVaso de agua 2000 /
_cPablo Nadal.
260 _aSanto Domingo :
_b[S.l.] ,
_c2000.
300 _a17 p. ;
_c21 cm.
049 _aBNGR
999 _c31367
_d31367